| 000 | 02699cam a22004574i 4500 | ||
|---|---|---|---|
| 003 | PE-LiUPU | ||
| 005 | 20250731165405.0 | ||
| 008 | 151006s2015 pe a grm 000 0 spa d | ||
| 035 | _a(Sirsi) a154793 | ||
| 040 |
_aPE-LiUPU _bspa _cPE-LiUPU _erda |
||
| 099 |
_aTEF 2 _bB26 2015 |
||
| 100 | 1 |
_aBautista Melendrez, Marvic Jhoseline _eautor |
|
| 245 | 1 | _aCalidad del cuidado de enfermería percibido por las madres y el desarrollo psicomotor de los niños menores de cinco años del Centro de Salud Virgen del Carmen - La Era, Lurigancho Chosica, Lima, 2014 /1cMarvic Jhoseline Bautista Melendrez. | |
| 264 | 0 | _c2015. | |
| 300 |
_a166 hojas : _bilustraciones; _c30 cm |
||
| 336 |
_atext _2rdacontent |
||
| 337 |
_aunmediated _2rdamedia |
||
| 338 |
_avolume _2rdacarrier |
||
| 502 |
_aTesis _b(Lic.) -- _cUniversidad Peruana Unión, _d2015 |
||
| 504 | _aIncluye referencias bibliográficas | ||
| 520 | 3 | _aEl objetivo de la investigación es identificar los estilos de vida en los adultos y adultos mayores del Asentamiento Humano Nueva Alianza - Chaclacayo - Lima. La metodología fue de diseño no experimental, de enfoque cuantitativo de alcance descriptivo y de corte transversal. El instrumento usado fue el cuestionario Estilos de Vida Saludable, con una confiabilidad de ,874. El tipo de muestreo fue probabilístico, considerándose en total 154 participantes, de ellos 123 adultos entre 35 a 64 años y 31 adultos mayores de 65 años a más. Los resultados obtenidos fueron que los estilos de vida poco saludables en las dimensiones alimentación con 91.6%, estrés, 85.7%, apoyo social, 82.5%, autorrealización 83.8% y confianza en Dios 78.6%. Los estilos de vida fueron no saludables en las dimensiones alimentación con 5.8%, actividad física, 37.7%, ocio, 43.5%, autocuidado, 6.5%; descanso, 1.3%, estrés 14.3%; apoyo social, 8.4%; autorrealización 3.2% y confianza en Dios 1.3%. Y un porcentaje mínimo presento estilos de vida saludable. En conclusión, el 99.4% de adultos y adultos mayores presentan un estilo de vida poco saludable, 0.6% saludable. | |
| 526 | _aSEG44 | ||
| 526 | _aSEG26 | ||
| 526 | _aP151 | ||
| 526 | _aP150 | ||
| 526 | _aP149 | ||
| 526 | _aP146 | ||
| 526 | _aP145 | ||
| 526 | _aP126 | ||
| 526 | _aP125 | ||
| 526 | _aP92 | ||
| 526 | _aP75 | ||
| 526 | _aP74 | ||
| 526 | _aP27 | ||
| 526 | _aP15 | ||
| 650 | 0 | 4 |
_aCuidados de enfermería _xPsicomotricidad infantil _xMadres. |
| 700 | 1 |
_aEspiritu Ramos, Thalía Sarahí _eautor |
|
| 596 | _a1 | ||
| 942 |
_2ddc _cTESIS |
||
| 999 |
_aTEF 2 B26 2015 _wALPHANUM _c7490 _iT01728 _lCCODEBUL3 _mBUL _r1 _sY _tTESIS _u2015-10-6 _xSALUD _PP22 _o.STAFF. Tesis _d7490 |
||
| 980 |
_81 _gALBERTO SANCHEZ Responsable de Automatización |
||